[Event "CAN-ch U10 Girls"]
[Site "Quebec"]
[Date "2008.07.16"]
[Round "7"]
[White "Labrosse, Karine"]
[Black "Lingyun, Shi"]
[Result "0-1"]
[WhiteElo "786"]
[BlackElo "1164"]
[PlyCount "54"]
[EventDate "2008.07.14"]
[EventType "swiss"]
[EventRounds "7"]
[EventCountry "CAN"]
[SourceTitle "EXT 2011"]
[Source "ChessBase"]
[SourceDate "2010.11.26"]
[SourceVersion "1"]
[SourceVersionDate "2010.11.26"]
[SourceQuality "1"]

1. e4 e5 2. Nf3 Nc6 3. Bc4 Nf6 4. Nc3 Bc5 5. 0-0 0-0 6. d3 h6 7. Bf4 exf4 8. Re1 d6 9. Qe2 Ng4 10. Rad1 Bxf2+ 11. Kf1 Bxe1 12. Kxe1 Ne3 13. Rd2 Nxc4 14. dxc4 Re8 15. Rd5 Be6 16. Rh5 Bg4 17. Rd5 Re5 18. Rd3 Qd7 19. h3 Bxf3 20. Qxf3 Nb4 21. Rd2 Qc6 22. Rf2 Qxc4 23. Qg4 f5 24. Qh4 Nxa2 25. Nxa2 Rxe4+ 26. Kd1 Qd4+ 27. Kc1 Re1# 0-1

[Event "CAN-ch U10 Girls"]
[Site "Quebec"]
[Date "2008.07.14"]
[Round "1"]
[White "Labrosse, Karine"]
[Black "Milicevic, Aleksandra"]
[Result "0-1"]
[WhiteElo "786"]
[BlackElo "1098"]
[PlyCount "40"]
[EventDate "2008.07.14"]
[EventType "swiss"]
[EventRounds "7"]
[EventCountry "CAN"]
[SourceTitle "EXT 2011"]
[Source "ChessBase"]
[SourceDate "2010.11.26"]
[SourceVersion "1"]
[SourceVersionDate "2010.11.26"]
[SourceQuality "1"]

1. e4 c5 2. Nf3 Nc6 3. Nc3 g6 4. Bc4 Bg7 5. 0-0 d6 6. d3 Nf6 7. Bf4 0-0 8. Re1 Bg4 9. h3 Bxf3 10. gxf3 Qd7 11. Qd2 Qxh3 12. Be6 Qxe6 13. Bh6 Nd4 14. e5 Nxf3+ 15. Kf1 Nxd2+ 16. Ke2 Bxh6 17. Kd1 Nf3 18. Rh1 Qxe5 19. Nb5 Qf4 20. Nc7 Qd2# 0-1